000 00753nam a2200217Ia 4500
005 20241129111306.0
008 241129s9999||||xx |||||||||||||| ||und||
020 _a978-93-95263-25-2
037 _aTB
040 _aCRL
_bpun
_cCRL
041 _apun
_2pun
084 _aV236.N5 153N2;N2
_qCRL
100 _aਸਰਹੱਦੀ, ਅਜੀਤ ਸਿੰਘ, ਚ।
245 0 _aਪੰਜਾਬੀ ਸੂਬੇ ਦੀ ਗਾਥਾ
_cਸਰਹੱਦੀ, ਅਜੀਤ ਸਿੰਘ, ਚ।
260 _aਚੰਡੀਗੜ੍ਹ, ਭਾਰਤ
_bਚੰਡੀਗੜ੍ਹ ਯਨੀਸਟਾਰ
_c2022
300 _a542ਪ੍ਰ0
365 _aINR
_b500
650 _a History
942 _cTB
_hV236.N5 153N2;N2
999 _c1229777
_d1229777